Southville International School and Colleges
Your cart is empty.
  • Cart
  • Lists
    Public lists Eva Luna New books Lux_list list_1
    Your lists Log in to create your own lists
  • Log in to your account
  • Your cookies
  • Search history
Southville International School and Colleges
  • Advanced search
  • Recent comments
  • Most popular
  • Libraries

Log in to your account

Log in with GOOGLE


If you do not have an external account, but do have a local account, you can still log in:

  1. Home
  2. MARC view: The clue of the gold doubloons /
Normal view MARC view ISBD view

The clue of the gold doubloons / (Record no. 290357)

[ view plain ]
MARC details
000 -LEADER
fixed length control field 00518nam a2200169Ia 4500
008 - FIXED-LENGTH DATA ELEMENTS--GENERAL INFORMATION
fixed length control field 160114s9999 xx 000 0 und d
020 ## - INTERNATIONAL STANDARD BOOK NUMBER
International Standard Book Number 0-671025481
050 ## - LIBRARY OF CONGRESS CALL NUMBER
Classification number Fic.
050 ## - LIBRARY OF CONGRESS CALL NUMBER
Item number .K26c 1999
100 ## - MAIN ENTRY--PERSONAL NAME
Personal name Keene, Carolyn.
245 #4 - TITLE STATEMENT
Title The clue of the gold doubloons /
Statement of responsibility, etc Carolyn Keene.
260 ## - PUBLICATION, DISTRIBUTION, ETC. (IMPRINT)
Place of publication, distribution, etc New York :
Name of publisher, distributor, etc Aladdin Paperpacks.
Date of publication, distribution, etc 1999
300 ## - PHYSICAL DESCRIPTION
Extent 151 pages;
Dimensions 20 cm.
440 ## - SERIES STATEMENT/ADDED ENTRY--TITLE
Title Nancy Drew mystery stories ; 149
650 ## - SUBJECT ADDED ENTRY--TOPICAL TERM
Topical term or geographic name as entry element Detective and mystery stories.
650 ## - SUBJECT ADDED ENTRY--TOPICAL TERM
Topical term or geographic name as entry element Mystery and detective stories.
Holdings
Withdrawn status Lost status Damaged status Home library Current library Shelving location Date acquired Total Checkouts Full call number Date last seen Price effective from Koha item type
      Stonyhurst Southville International School (Batangas) Stonyhurst Southville International School (Batangas) Grade School Section 01/14/2016   Fic. K26c 1999 01/14/2016 01/14/2016 Books

The clue of the gold doubloons /

APA

Keene C., . (1999). The clue of the gold doubloons. New York: Aladdin Paperpacks.

Chicago

Keene Carolyn, . 1999. The clue of the gold doubloons. New York: Aladdin Paperpacks.

Harvard

Keene C., . (1999). The clue of the gold doubloons. New York: Aladdin Paperpacks.

MLA

Keene Carolyn, . The clue of the gold doubloons. New York: Aladdin Paperpacks. 1999.

  • Place hold
  • Print
  • Cite
  • Add to your cart (remove)
  • Save record
    BIBTEX Dublin Core MARCXML MARC (non-Unicode/MARC-8) MARC (Unicode/UTF-8) MARC (Unicode/UTF-8, Standard) MODS (XML) RIS
  • More searches
    Search for this title in:
    Other Libraries (WorldCat) Other Databases (Google Scholar) Online Stores (Bookfinder.com) Open Library (openlibrary.org)

Exporting to Dublin Core...

SOUTHVILLE LIBRARY

Southville International School and Colleges Library

1281 Tropical Ave. Cor. Luxembourg St., BF Homes International, Las Pinas City

Tel. No. 8256374 / 252358 Loc. 117/146

Powered by Koha